000 00520nam a2200181Ia 4500
008 100920s9999 xx 000 0 und d
082 _b100114
_a891.43 थ 93
100 _aकदम जयप्रकाश.
245 _aछप्पर.
260 _bराहुल प्रकाशन,दिल्ली.
_c1993
300 _a119
_bसाधी
365 _b125
520 _aहिंदी.
630 _aछप्पर.
650 _aहिंदी.
730 _aछप्पर.
942 _cBOOK
999 _c740552
_d740549